Statistiques concernant Championnats des clubs de foot (très dur)

Cliquez ici pour prendre le quiz!

Statistiques générales

  • Ce quiz a été pris 688 fois
  • Le résultat moyen est 7 sur 12

Statistiques - réponses

QuestionRéponse% Correct
FlamengoBrésil
95%
HataysporTurquie
93%
Union Saint-GilloiseBelgique
92%
MidtjyllandDanemark
85%
CholetFrance
69%
VizelaPortugal
58%
Dundee United fcEcosse
51%
BohemiansIrlande
41%
VerlAllemagne
37%
Fc AndorraEspagne
34%
StevenageAngleterre
26%
Dalian ProChine
24%

Distribution des résultats

Percentile par nombre de réponses

% des personnes avec chaque résultat

Votre développement - résultats

Vous n’avez pas pris ce quiz